BSOP header

使徒行傳 The Acts of the Apostles {ch} / (Record no. 2661)

MARC details
000 -LEADER
fixed length control field 00691nam a2200169 4500
008 - FIXED-LENGTH DATA ELEMENTS--GENERAL INFORMATION
fixed length control field 010730s1987 us chiCO
020 ## - INTERNATIONAL STANDARD BOOK NUMBER
International Standard Book Number 0941598896
090 ## - LOCALLY ASSIGNED LC-TYPE CALL NUMBER (OCLC); LOCAL CALL NUMBER (OCLC)
Classification number (OCLC) (R) ; Classification number, CALL (RLIN) (NR) BS498.C5
Local cutter number (OCLC) ; Book number/undivided call number, CALL (RLIN) M82
-- Acts
100 1# - MAIN ENTRY--PERSONAL NAME
Personal name 坎伯‧摩根 Morgan, G. Campbell
245 10 - TITLE STATEMENT
Title 使徒行傳 The Acts of the Apostles {ch} /
Statement of responsibility, etc 坎伯‧摩根 G. Campbell Morgan
260 ## - PUBLICATION, DISTRIBUTION, ETC. (IMPRINT)
Place of publication, distribution, etc California :
Name of publisher, distributor, etc 美國活泉出版社 Living Spring Publications,
Date of publication, distribution, etc c1987.
300 ## - PHYSICAL DESCRIPTION
Extent 399 p.
490 1# - SERIES STATEMENT
Series statement 摩根解經叢卷 Morgan's expository series {ch}
650 #4 - SUBJECT ADDED ENTRY--TOPICAL TERM
Topical term or geographic name as entry element 聖經論叢/使徒行傳 Bible. N.T. Acts
General subdivision Commentaries {ch}
951 ## - EQUIVALENCE OR CROSS-REFERENCE-GEOGRAPHIC NAME/AREA NAME [OBSOLETE] [CAN/MARC only]
General subdivision 00014643
950 0# - LOCAL HOLDINGS (RLIN)
-- 72.75
951 ## - EQUIVALENCE OR CROSS-REFERENCE-GEOGRAPHIC NAME/AREA NAME [OBSOLETE] [CAN/MARC only]
-- C-2850
-- BS498.C5/M82/Acts
-- 070613110941312
-- 2000-12-21
-- REF-CH
Holdings
Withdrawn status Lost status Damaged status Not for loan Home library Current library Shelving location Date acquired Accession number Shelving control number Total Checkouts Full call number Barcode Date last seen Price effective from Koha item type
        BSOP Library BSOP Library Reference Chinese 12/21/2000 C-2850 127   BS498.C5/M82/Acts 00014643 02/23/2013 02/23/2013 Books
BSOP

Biblical Seminary of the Philippines
  All rights Reserved
  © 2024

CONTACT INFORMATION

Biblical Seminary of the Philippines,
  77-B Karuhatan Road, Valenzuela City,
  PHILIPPINES 1441
  Phone: +632 8292-6795 / 8292-6798
  Fax : +632 8292-6675
  Email: library@bsop.edu.ph